<?xml version="1.0" encoding="UTF-8"?><?xml-stylesheet type="text/xsl" href="static/style.xsl"?><OAI-PMH xmlns="http://www.openarchives.org/OAI/2.0/" xmlns:xsi="http://www.w3.org/2001/XMLSchema-instance" xsi:schemaLocation="http://www.openarchives.org/OAI/2.0/ http://www.openarchives.org/OAI/2.0/OAI-PMH.xsd"><responseDate>2026-06-07T15:51:45Z</responseDate><request verb="GetRecord" identifier="oai:docta.ucm.es:20.500.14352/113961" metadataPrefix="marc">https://docta.ucm.es/rest/oai/request</request><GetRecord><record><header><identifier>oai:docta.ucm.es:20.500.14352/113961</identifier><datestamp>2025-03-18T12:54:45Z</datestamp><setSpec>com_20.500.14352_14</setSpec><setSpec>col_20.500.14352_15</setSpec></header><metadata><record xmlns="http://www.loc.gov/MARC21/slim" xmlns:dcterms="http://purl.org/dc/terms/" xmlns:xsi="http://www.w3.org/2001/XMLSchema-instance" xmlns:doc="http://www.lyncode.com/xoai" xsi:schemaLocation="http://www.loc.gov/MARC21/slim http://www.loc.gov/standards/marcxml/schema/MARC21slim.xsd">
   <leader>00925njm 22002777a 4500</leader>
   <datafield ind2=" " ind1=" " tag="042">
      <subfield code="a">dc</subfield>
   </datafield>
   <datafield ind2=" " ind1=" " tag="720">
      <subfield code="a">García Nieto, María Teresa</subfield>
      <subfield code="e">author</subfield>
   </datafield>
   <datafield ind2=" " ind1=" " tag="720">
      <subfield code="a">Davara Rodríguez, Francisco Javier</subfield>
      <subfield code="e">author</subfield>
   </datafield>
   <datafield ind2=" " ind1=" " tag="260">
      <subfield code="c">2020-08-31</subfield>
   </datafield>
   <datafield ind2=" " ind1=" " tag="520">
      <subfield code="a">Hace cincuenta años, la Ley General de Educación de 1970 integraba en la Universidad las enseñanzas de Periodismo y demás medios de comunicación. Poco después nacían las Facultades de Ciencias de la Información de las Universidades Complutense de Madrid, Autónoma de Barcelona y de Navarra que inaugurarán los estudios universitarios de Periodismo, Comunicación Audiovisual, Publicidad y Relaciones Públicas. Describimos en este trabajo los antecedentes históricos de la génesis de estas Facultades, que ahora gozan de una envidiable demanda de acceso, desde la perspectiva del Periodismo y de las Relaciones Públicas, la más antigua y la más joven de las profesiones de la Comunicación. Una larga y significativa historia, a veces mal interpretada, que no debe caer en el olvido.</subfield>
   </datafield>
   <datafield ind2=" " ind1=" " tag="520">
      <subfield code="a">Fifty years ago, the General Education Act of 1970 integrated the teaching in Journalism and other media at the University. Soon after, the Faculties of Information Sciences of the Universidad Complutense de Madrid, Universidad Autónoma de Barcelona and Universidad de Navarra were born and they inaugurated the university studies in Journalism, Audiovisual Communication, Advertising and Public Relations. In this paper we describe the historical background of the genesis of these faculties, which now have an enviable access demand, from the perspective of Journalism and Public Relations, the oldest and the youngest of the communication professions. A long and meaningful history, sometimes misinterpreted, that should not be forgotten.</subfield>
   </datafield>
   <datafield ind1="8" ind2=" " tag="024">
      <subfield code="a">García Nieto, M. T., &amp; Davara, F. J. (2020). La génesis de las facultades españolas de Ciencias de la Información: del Periodismo y de las Relaciones Públicas. Aportes. Revista De Historia Contemporánea, 35(103). Recuperado a partir de https://www.revistaaportes.com/index.php/aportes/article/view/528</subfield>
   </datafield>
   <datafield ind1="8" ind2=" " tag="024">
      <subfield code="a">0213-5868</subfield>
   </datafield>
   <datafield ind1="8" ind2=" " tag="024">
      <subfield code="a">https://hdl.handle.net/20.500.14352/113961</subfield>
   </datafield>
   <datafield ind1="8" ind2=" " tag="024">
      <subfield code="a">2386-4850</subfield>
   </datafield>
   <datafield ind1="8" ind2=" " tag="024">
      <subfield code="a">https://www.revistaaportes.com/index.php/aportes/article/view/528</subfield>
   </datafield>
   <datafield ind2="0" ind1="0" tag="245">
      <subfield code="a">La génesis de las facultades españolas de Ciencias de la Información: del Periodismo y de las Relaciones Públicas</subfield>
   </datafield>
   <datafield ind2="0" ind1="0" tag="245">
      <subfield code="a">The genesis of Spanish faculties of Information Sciences: Journalism and Public Relations</subfield>
   </datafield>
</record></metadata></record></GetRecord></OAI-PMH>